=LDR 00000nam 2200000 4500 =001 INLIS000000000035967 =005 20141115134733.0 =006 =007 =008 Ind =035 ##$$a 0010-061300000035967 =041 ##$$a Ind =082 ##$$a 636.5 =090 ##$$a 636.5, Lis p =100 ##$$a Listiyowati,Elly, Ir =245 ##$$a Puyuh tata laksana budi daya secara komersial =260 ##$$a 2004 $b Jakarta =300 ##$$a v 144 hlm, 20 cm =850 ##$$a NBPNMAT